Solo contra sí mismo (Registro nro. 55894)

Detalles MARC
000 -ENCABEZADO
Número de control [NR] 02509nam a2200325Ia 4500
005 - FECHA Y HORA DE LA ÚLTIMA TRANSACCIÓN
control field 20140410171929.0
008 - DE LONGITUD FIJA DE DATOS DE ELEMENTOS - INFORMACIÓN GENERAL
Elementos de longitud fija [NR] 130821s2003 xx a gs mul
040 ## - FUENTE DE CATALOGACION [NR]
Agencia de catalogación original [NR] Co-BoUCM
Idioma de catalogación [NR] spa
041 00 - CODIGO DE IDIOMA [R]
Código de idioma para texto/pista de sonido o título separado [R] Español
-- Inglés
092 ## - SIGNATURA TOPOGRAFICA LOCAL
Número de clasificación local DVD 0341
245 10 - MENCION DE TITULO [NR]
Título [NR] Solo contra sí mismo
Mención de responsabilidad, etc. [NR] [DVD]
260 ## - PUBLICACION, DISTRIBUCION, ETC. (PIE DE IMPRENTA) [R]
Lugar de publicación, distribución, etc. [R] [Lugar desconocido]
Nombre del editor, distribuidor, etc. [R] Transeuropa, Cineplex
Fecha de publicación, distribución, etc. [R] 2003
300 ## - DESCRIPCION FISICA [R]
Extensión [R] 1 DVD
Otros detalles físicos [NR] son., color
500 ## - NOTA GENERAL [R]
Nota general [NR] SINOPSIS : Erik Ponti (Andreas Wilson), un joven sometido a los maltratos de su padrastro frente a la mirada y actitud impasible de su madre, de ahí que Erik responda de la misma manera ante cualquier problema que se le presente, es por ello que es expulsado de la escuela y enviado por su madre al instituto privado Stjörnsberg. Erik pronto se dará cuenta de que en dicho instituto no existe la equidad y que ahí gobierna un sistema de clases entre los estudiantes bajo la anuencia de los profesores en donde los privilegiados son los alumnos nobles y los más adinerados. Las habilidades de Erik en el deporte y su renuencia a someterse a la voluntad y los caprichos de los estudiantes privilegiados harán que el protagonista se gane la antipatía del líder de éstos: Otto (Gustaf Skarsg{ring}ard), quien se encargará de hacerle la vida imposible a Erik durante su estancia en el Instituto a manera de venganza. En Stjörnsberg, Erik establecerá una sólida amistad con Pierre (Henrik Lundström), su compañero de cuarto y el chico más inteligente de la escuela y conocerá a Marja (Linda Zilliacus), una linda chica del servicio con quien desarrollará una prohibida pero atrayente relación.
508 ## - NOTA DE CREDITOS DE CREACION/PRODUCCION [R]
Nota de créditos de creación/producción [NR] CREDITOS : Director, Mikael H{ring}afström; Guión, Hans Gunnarsson y Mikael Hafstrom, a partir de la novela autobiográfica de Jan Guillou; Música: Francis Shaw; Fotografía (Color): Peter Mokrosinski.
511 ## - NOTA DE PARTICIPANTE O INTERPRETE [R]
Nota de participante o intérprete [NR] Andreas Wilson, Linda Zilliacus, Henryk Lundström, Gustaf Skarsgörd y Pierre Tanguy.
546 ## - NOTA DE IDIOMA [R]
Nota de idioma [NR] Audio en Danés. Subtítulos en Español.
650 04 - ASIENTO SECUNDARIO DE MATERIA - TERMINO TEMATICO [R]
Término temático o nombre geográfico como elemento de entrada [NR] Adolescencia en el cine
Subdivisión de forma [R] DVD
9 (RLIN) 8631
650 04 - ASIENTO SECUNDARIO DE MATERIA - TERMINO TEMATICO [R]
Término temático o nombre geográfico como elemento de entrada [NR] Entretenimiento
9 (RLIN) 26487
650 04 - ASIENTO SECUNDARIO DE MATERIA - TERMINO TEMATICO [R]
Término temático o nombre geográfico como elemento de entrada [NR] Padres e hijos
Subdivisión de forma [R] DVD
9 (RLIN) 20984
650 04 - ASIENTO SECUNDARIO DE MATERIA - TERMINO TEMATICO [R]
Término temático o nombre geográfico como elemento de entrada [NR] Películas cinematográficas
Subdivisión geográfica [R] Suecia
Subdivisión de forma [R] DVD
9 (RLIN) 7903
650 04 - ASIENTO SECUNDARIO DE MATERIA - TERMINO TEMATICO [R]
Término temático o nombre geográfico como elemento de entrada [NR] Relaciones familiares
Subdivisión de forma [R] DVD
9 (RLIN) 8041
650 04 - ASIENTO SECUNDARIO DE MATERIA - TERMINO TEMATICO [R]
Término temático o nombre geográfico como elemento de entrada [NR] Sociología
9 (RLIN) 386
700 ## - ASIENTO SECUNDARIO - NOMBRE PERSONAL [R]
Nombre personal [NR] H{ring}afström, Mikael
Término de relación [R]
710 ## - ASIENTO SECUNDARIO - NOMBRE CORPORATIVO [R]
Nombre corporativo o de jurisdicción como elemento de entrada [NR] Cineplex
710 ## - ASIENTO SECUNDARIO - NOMBRE CORPORATIVO [R]
Nombre corporativo o de jurisdicción como elemento de entrada [NR] Transeuropa
765 ## - ASIENTO DE IDIOMA ORIGINAL [R]
Asiento principal [NR] Ondskan
856 04 - LOCALIZACION Y ACCESO ELECTRONICOS [R]
Identificador Uniforme del Recurso (“URI”) [R] <a href="http://www.youtube.com/watch?v=WxlnGmS0e0A">http://www.youtube.com/watch?v=WxlnGmS0e0A</a>
Nota dirigida al público [R] Siga este vínculo para ver el trailer.
942 ## - ELEMENTOS DE ENTRADA AGREGADOS (KOHA)
Tipo de ítem principal el descrito en 300a Multimedia
Sistema de clasificación LOCAL
Tema principal Sociología
Edición 1
Existencias
Fecha de último préstamo Total préstamos Total Renewals Código de barras Última vez visto Volúmen / Fascículo Ejemplar Price effective from Tipo de ítem Perdido Sistema de clasificación Dañado No prestable Tipo de ítem específico Suprimido Ubicación habitual Ubicación actual Localización Fecha de creación Forma de adquisición Costo
07/05/2012     100092206 03/12/2025 DVD 0341 Ej.1 03/02/2013 Multimedia   LOCAL   Préstamo restringido DVD   Procesos Técnicos Procesos Técnicos (no para préstamo) Procesos Técnicos 19/02/2013 Compra 40000.00
15/07/2017 118 3 100092207 12/12/2025 DVD 0341 Ej.2 03/02/2013 Multimedia   DEWEY     DVD   Quinta de Mutis Quinta de Mutis Colección digital 19/02/2013 Donación 26000.00